[Event "BCF-chT4S 1920 (4NCL)"]
[Site "England"]
[Date "2020.02.09"]
[Round "6.34"]
[White "Woodhouse, Stephen V"]
[Black "Cranston, Adam"]
[Result "1-0"]
[WhiteElo "1850"]
[BlackElo "1765"]
[PlyCount "105"]
[EventDate "2019.11.09"]
[EventType "team-swiss"]
[EventRounds "11"]
[EventCountry "ENG"]
[SourceTitle "EXT 2022"]
[Source "ChessBase"]
[SourceDate "2021.10.06"]
[SourceVersion "1"]
[SourceVersionDate "2021.10.06"]
[SourceQuality "1"]
[WhiteTeam "Wood Green Youth"]
[BlackTeam "Celtic Tigers II"]
[WhiteTeamCountry "ENG"]
[BlackTeamCountry "ENG"]

1. e4 c6 2. d4 d5 3. exd5 cxd5 4. c4 Nf6 5. Nc3 Nc6 6. Nf3 g6 7. cxd5 Nxd5 8. Bc4 e6 9. 0-0 Bg7 10. Nxd5 exd5 11. Re1+ Be6 12. Bb3 0-0 13. Be3 Rc8 14. Qd2 Re8 15. Rac1 Bg4 16. Bd1 Qd7 17. Be2 Bf5 18. Bf4 Re4 19. Bb5 a6 20. Bxc6 bxc6 21. Ne5 Qb7 22. b3 Qb6 23. Rxe4 Bxe4 24. Rc5 h6 25. Qc3 g5 26. Bg3 Bxe5 27. Bxe5 Kh7 28. Qh3 Qb4 29. Qc3 Qxc3 30. Rxc3 Kg6 31. f3 Bf5 32. Kf2 h5 33. Bd6 Bd7 34. Re3 Re8 35. Rxe8 Bxe8 36. Ke3 Bd7 37. Kd3 Kf5 38. Kc3 Ke6 39. Bc7 g4 40. Kb4 Bc8 41. fxg4 hxg4 42. Kc5 Kf5 43. Kxc6 Ke4 44. Be5 f5 45. g3 Be6 46. b4 Kd3 47. a4 Kc4 48. b5 a5 49. b6 Bc8 50. b7 Bxb7+ 51. Kxb7 Kb4 52. Kc6 Kxa4 53. Kxd5 1-0

[Event "BCF-chT4S 1819 (4NCL)"]
[Site "England"]
[Date "2018.11.18"]
[Round "2.26"]
[White "Cranston, Adam"]
[Black "Truman, Richard G"]
[Result "0-1"]
[WhiteElo "1720"]
[BlackElo "1945"]
[PlyCount "92"]
[EventDate "2018.11.17"]
[EventType "team-swiss"]
[EventRounds "11"]
[EventCountry "ENG"]
[SourceTitle "EXT 2021"]
[Source "ChessBase"]
[SourceDate "2020.10.23"]
[SourceVersion "1"]
[SourceVersionDate "2020.10.23"]
[SourceQuality "1"]
[WhiteTeam "Celtic Tigers II"]
[BlackTeam "Ashfield"]
[WhiteTeamCountry "ENG"]
[BlackTeamCountry "ENG"]

1. d4 Nf6 2. Bf4 g6 3. Nc3 d5 4. e3 Bg7 5. h4 c5 6. Nb5 Na6 7. c3 cxd4 8. exd4 Bg4 9. Be2 Bxe2 10. Qxe2 0-0 11. Nf3 Qb6 12. a4 Rfe8 13. Ne5 Ne4 14. Qf3 f6 15. Ng4 e5 16. Be3 exd4 17. Bxd4 Ng5+ 18. Kd1 Nxf3 19. Bxb6 Nxh4 20. Rxh4 axb6 21. Ne3 Re4 22. Rh1 Nc5 23. Nxd5 Rd8 24. Nbc7 Nxa4 25. Kc2 Nc5 26. Rhe1 f5 27. f3 Re5 28. Nxb6 Nd3 29. Rxe5 Bxe5 30. Ncd5 Nf4 31. Nxf4 Bxf4 32. Ra8 Rxa8 33. Nxa8 Kf7 34. Kd3 Ke6 35. Kd4 h5 36. Nb6 h4 37. b4 g5 38. c4 g4 39. Nd5 Be5+ 40. Ke3 b5 41. f4 bxc4 42. Nb6 Bd4+ 43. Kxd4 h3 44. gxh3 gxh3 45. Nxc4 h2 46. b5 h1Q 0-1